[Event "Milan Befana op-B"]
[Site "Milan"]
[Date "2014.01.06"]
[Round "6"]
[White "Piccapietra, Matteo"]
[Black "Lipari, Alberto"]
[Result "0-1"]
[WhiteElo "1464"]
[BlackElo "1535"]
[PlyCount "64"]
[EventDate "2014.01.02"]
[EventType "swiss"]
[EventRounds "7"]
[EventCountry "ITA"]
[SourceTitle "EXT 2015"]
[Source "ChessBase"]
[SourceDate "2014.11.20"]
[SourceVersion "1"]
[SourceVersionDate "2014.11.20"]
[SourceQuality "1"]

1. e4 g6 2. d4 Bg7 3. Nf3 d6 4. Be3 Bg4 5. Be2 Nf6 6. h3 Bxf3 7. Bxf3 0-0 8. Nc3 Nc6 9. Qd2 Ne8 10. 0-0-0 e5 11. d5 Nd4 12. Ne2 Nxf3 13. gxf3 c5 14. c4 f5 15. exf5 Rxf5 16. f4 Nf6 17. Ng3 exf4 18. Nxf5 fxe3 19. Nxe3 Ne4 20. Qc2 Qh4 21. Rhf1 Rf8 22. f3 Ng3 23. Qf2 Qf6 24. Rg1 Ne4 25. Ng4 Qf4+ 26. Qe3 Qxe3+ 27. Nxe3 Rxf3 28. Rde1 Bh6 29. Rgf1 Bxe3+ 30. Kd1 Rxh3 31. Rh1 Nf2+ 32. Ke2 Nxh1 0-1

[Event "Milan Befana op-B"]
[Site "Milan"]
[Date "2014.01.06"]
[Round "7"]
[White "Taccani Stella, Alberto"]
[Black "Piccapietra, Matteo"]
[Result "0-1"]
[WhiteElo "1380"]
[BlackElo "1464"]
[PlyCount "62"]
[EventDate "2014.01.02"]
[EventType "swiss"]
[EventRounds "7"]
[EventCountry "ITA"]
[SourceTitle "EXT 2015"]
[Source "ChessBase"]
[SourceDate "2014.11.20"]
[SourceVersion "1"]
[SourceVersionDate "2014.11.20"]
[SourceQuality "1"]

1. d4 Nf6 2. e3 g6 3. Bd3 Bg7 4. c3 d6 5. Nf3 0-0 6. Nbd2 Nc6 7. 0-0 Re8 8. Re1 e5 9. e4 Bg4 10. d5 Ne7 11. Qb3 b6 12. h3 Bc8 13. Nf1 Nh5 14. Bb5 Rf8 15. Bg5 f6 16. Bd2 Nf4 17. Bxf4 exf4 18. Be2 g5 19. Nd4 Kh8 20. Qd1 f5 21. exf5 Nxf5 22. Nxf5 Bxf5 23. Bg4 Qd7 24. Bxf5 Qxf5 25. Re7 Rf7 26. Re2 Be5 27. Qc2 Re8 28. Qxf5 Rxf5 29. f3 h5 30. c4 Bd4+ 31. Kh1 Rxe2 0-1

[Event "Milan Befana op-B"]
[Site "Milan"]
[Date "2014.01.04"]
[Round "3"]
[White "Piccapietra, Matteo"]
[Black "Rossi, Giampiero"]
[Result "0-1"]
[WhiteElo "1464"]
[BlackElo "1877"]
[PlyCount "91"]
[EventDate "2014.01.02"]
[EventType "swiss"]
[EventRounds "7"]
[EventCountry "ITA"]
[SourceTitle "EXT 2015"]
[Source "ChessBase"]
[SourceDate "2014.11.20"]
[SourceVersion "1"]
[SourceVersionDate "2014.11.20"]
[SourceQuality "1"]

1. e4 c5 2. Nf3 e6 3. d4 cxd4 4. Nxd4 a6 5. Nc3 Qc7 6. Be3 Nf6 7. f3 Nc6 8. Qd2 Ne5 9. Bd3 Nc4 10. Bxc4 Qxc4 11. Qd3 Qc7 12. 0-0-0 d6 13. g4 Be7 14. g5 Nh5 15. h4 Bd7 16. Nde2 0-0-0 17. Kb1 Bc6 18. Qd4 e5 19. Qa7 Rd7 20. Bb6 Qb8 21. Qxb8+ Kxb8 22. Nd5 Bxd5 23. Rxd5 Bd8 24. Bxd8 Rhxd8 25. Rf1 f6 26. f4 exf4 27. Nxf4 Nxf4 28. Rxf4 fxg5 29. Rxg5 Re8 30. Rd5 Rde7 31. Rxd6 Rxe4 32. Rxe4 Rxe4 33. Kc1 Rxh4 34. Rd8+ Ka7 35. c3 Rh2 36. Rd2 Rxd2 37. Kxd2 Kb6 38. b4 Kc6 39. a4 b5 40. axb5+ axb5 41. Ke3 Kd5 42. Kd3 h5 43. c4+ bxc4+ 44. Kc3 h4 45. b5 h3 46. b6 0-1

[Event "Villa Guardia D Oro Cup 31st"]
[Site "Villa Guardia"]
[Date "2013.11.02"]
[Round "4"]
[White "Nipote, Mario"]
[Black "Piccapietra, Matteo"]
[Result "0-1"]
[WhiteElo "1510"]
[BlackElo "1422"]
[PlyCount "106"]
[EventDate "2013.11.01"]
[EventType "swiss"]
[EventRounds "6"]
[EventCountry "ITA"]
[SourceTitle "EXT 2015"]
[Source "ChessBase"]
[SourceDate "2014.11.20"]
[SourceVersion "1"]
[SourceVersionDate "2014.11.20"]
[SourceQuality "1"]

1. d4 Nf6 2. Nf3 g6 3. g3 Bg7 4. Bg2 0-0 5. 0-0 d6 6. c4 e5 7. Nc3 Nbd7 8. Qc2 exd4 9. Nxd4 Ne5 10. b3 c6 11. Ba3 Re8 12. e3 Be6 13. Rad1 Bf8 14. h3 Qc8 15. Nxe6 Rxe6 16. h4 Qc7 17. Rd2 Ree8 18. Rfd1 Rad8 19. Bb2 Neg4 20. Bf3 Qe7 21. Re2 Bh6 22. Rd3 Ne5 23. Kg2 Nxd3 24. Qxd3 Bg7 25. Nd1 d5 26. cxd5 cxd5 27. Qd4 b6 28. Rc2 Qe6 29. g4 Rc8 30. Rxc8 Rxc8 31. g5 Ne8 32. Qd2 Bxb2 33. Nxb2 Nc7 34. Qb4 Rd8 35. Qa4 a5 36. Qd4 Nb5 37. Qd3 Nc7 38. Qd4 b5 39. Qa7 Na6 40. Qd4 Nb4 41. Qc5 Qc6 42. Qe7 Qd6 43. Qxd6 Rxd6 44. a3 Nc2 45. a4 bxa4 46. Nxa4 d4 47. exd4 Rxd4 48. Nc5 Rd2 49. Ne4 Rd3 50. Nc5 Rc3 51. Nb7 Rxb3 52. Nxa5 Rd3 53. Nc4 Ne1+ 0-1